Seis países mais próximos - Qatar - Statistics

Estatísticas Gerais
  • Esse quiz foi jogado 49 vezes
  • A pontuação média é 4 de 6
Estatísticas das Respostas
km país % Correto
0 Arábia Saudita
91%
31 Emirados Árabes Unidos
74%
1 Bahrein
70%
420 Omã
63%
379 Kuweit
56%
187 Irão
53%
Nenhum quiz correspondente encontrado
Distribuição das Pontuações
Porcentagem de Pessoas com Cada Pontuação
Percentil de Números Respondidos
Sua Pontuação Histórica
Você não jogou esse quiz